[Event "Baltic Zonal 2018"]
[Site "Tallinn"]
[Date "2018.05.19"]
[Round "8"]
[White "Kanep, Meelis"]
[Black "Sulskis, Sarunas"]
[Result "1/2-1/2"]
[WhiteElo "2452"]
[BlackElo "2503"]
[Annotator "TA"]
[PlyCount "50"]
[EventDate "2018.??.??"]
[EventType "swiss"]
[EventCountry "EST"]
[SourceTitle "playchess.com"]
[Source "ChessBase"]
[SourceQuality "1"]

{[%evp 27,50,1,10,0,0,0,48,41,50,45,47,47,39,40,48,5,6,0,0,0,12,0,0,0,6]} 1. Nf3 c5 2. c4 Nc6 3. Nc3 g6 4. e3 Nf6 5. d4 cxd4 6. exd4 d5 7. cxd5 Nxd5 8. Qb3 Nxc3 9. Bc4 Nd5 10. Bxd5 e6 11. Bxc6+ bxc6 12. O-O Qd5 {A35: Symmetrical English: 2 Nc3 Nc6 3 Nf3} 13. Bf4 (13. Be3 Be7 14. Rfc1 f6 15. Nd2 Kf7 16. Rc2 a5 17. Qc4 Bb7 18. Nb3 Ba6 19. Qxd5 cxd5 20. Nxa5 {½-½ (32) Giri,A (2771)-So,W (2812) Leuven 2017}) 13... Be7 14. Rfc1 f6 {LiveBook: 9 Games} 15. h4 {[#]} Qxb3 $146 ({Predecessor:} 15... Bd7 16. Rc3 a5 17. Rac1 Bb4 18. Rc4 O-O 19. Nh2 Bd6 20. Bxd6 Qxd6 {½-½ (71) Rausis,I (2586)-Petr,M (2531) Czechia 2015}) 16. axb3 Kf7 17. Rxc6 Rd8 18. Rc7 Rd7 19. Rac1 Rxc7 20. Rxc7 Ke8 21. Bd2 Bd7 {The position is equal.} 22. Ba5 Bd8 23. Rc5 Be7 24. Rc7 Bd8 25. Rc5 Be7 1/2-1/2

[Event "Baltic Zonal 2018"]
[Site "Tallinn"]
[Date "2018.05.19"]
[Round "8"]
[White "Starostits, Ilmars"]
[Black "Stremavicius, Titas"]
[Result "1-0"]
[WhiteElo "2444"]
[BlackElo "2451"]
[Annotator "TA"]
[PlyCount "75"]
[EventDate "2018.??.??"]
[EventType "swiss"]
[EventCountry "EST"]
[SourceTitle "playchess.com"]
[Source "ChessBase"]
[SourceQuality "1"]

{[%evp 11,75,9,3,-4,-16,-13,-20,-27,-23,-48,-15,-16,1,-59,-47,-65,-52,-81,-13,-14,-6,-8,-6,-34,19,21,39,31,98,93,105,5,42,0,0,0,-16,-13,-12,-7,60,74,94,44,31,35,71,-6,-2,-53,-16,-32,0,0,0,0,-6,-382,-360,-340,0,0,0,0,29971,29969]} 1. e4 c5 2. Nc3 a6 3. g3 b5 4. Bg2 Bb7 5. Nh3 d6 6. O-O {B23: Closed Sicilian: Lines without g3} e6 {LiveBook: 6 Games} 7. d4 $146 ({Predecessor:} 7. d3 Nd7 8. f4 b4 9. Na4 Ngf6 10. c3 bxc3 11. bxc3 c4 12. Nf2 cxd3 {0-1 (60) Lerch,P (2383)-Grachev,B (2668) Basel 2014}) 7... cxd4 8. Qxd4 {The position is equal.} Nc6 9. Qd2 Nf6 10. b3 Be7 11. Bb2 h5 12. Rad1 (12. a4 $11) 12... h4 13. a4 hxg3 14. hxg3 Qb6 (14... b4 $17 15. Na2 Qb6) 15. Rfe1 $11 Ne5 {Threatens to win with ...Rxh3!} 16. axb5 axb5 {And now ...Rxh3! would win.} 17. Nf4 {[%cal Bh3f4,Bf4d3,Bd3b4][%mdl 32]} g5 (17... Kf8 $15) 18. Nd3 Nfg4 19. Qe2 $1 Ba6 (19... b4 $14 20. Na4 Qa6) 20. Nb4 $16 ({Much weaker is} 20. Nxe5 Nxe5 21. Na2 (21. Qe3 Qxe3 22. Rxe3 O-O $11) 21... Bf6 $11) 20... Rb8 {[#]} 21. Ncd5 $1 {[%mdl 512]} exd5 $11 22. Bd4 Qa5 $1 {[%cal Ra5b4]} 23. Nxd5 {aiming for Ra1.} Qd8 ({Don't blunder} 23... b4 $2 24. Qxa6 $1 {[%mdl 512]} Qxa6 25. Nc7+ Kf8 26. Nxa6 $18) 24. f4 gxf4 25. gxf4 Bh4 (25... Bc8 $11) 26. fxe5 $14 Nxe5 27. Bxe5 dxe5 28. Rf1 Bc8 29. c4 (29. Nf6+ $16 Bxf6 30. Rxd8+ Bxd8 31. Rd1) 29... Kf8 30. Qe3 (30. c5 $11) 30... bxc4 $15 31. bxc4 ({Don't play} 31. Qa7 Rb7 $17) 31... Be6 32. Qc5+ $40 {[%mdl 128] Black needs to defend precisely.} Kg7 {Strongly threatening ...Rb2.} 33. Nc7 Bf2+ 34. Rxf2 $4 {[%mdl 8192]} (34. Qxf2 $11 {and White is okay.} Qxc7 35. Qf6+ Kg8 36. Rf2 Bxc4 37. Bf1 Bxf1 {[#]} 38. Rc1 $1 {[%mdl 512]}) 34... Qxd1+ $19 35. Bf1 Rh6 $2 (35... Rbg8 $19 36. Nxe6+ Kh7+ 37. Kh1 Rg6 38. Rh2+ Rh6 39. Rxh6+ Kxh6 40. Qxe5 Qxf1+ 41. Kh2 Rg8 42. Qf4+ Qxf4+ 43. Nxf4 Rg4) 36. Qxe5+ $11 Kh7 {( -> ...Rg8+)} 37. Nxe6 {[%csl Ge6][%cal Re5g7]} Rg6+ $2 {[%mdl 8192]} (37... Rg8+ $11 38. Ng5+ Rxg5+ 39. Qxg5 Qd4 40. Qf5+ Rg6+ 41. Kh1 Kh8) 38. Ng5+ {Precision: White = 38%, Black = 51%.} 1-0

[Event "Baltic Zonal 2018"]
[Site "Tallinn"]
[Date "2018.05.19"]
[Round "8"]
[White "Laurusas, Tomas"]
[Black "Neiksans, Arturs"]
[Result "1-0"]
[WhiteElo "2428"]
[BlackElo "2573"]
[Annotator "TA"]
[PlyCount "75"]
[EventDate "2018.??.??"]
[EventType "swiss"]
[EventCountry "EST"]
[SourceTitle "playchess.com"]
[Source "ChessBase"]
[SourceQuality "1"]

{[%evp 18,75,0,-4,15,12,25,2,77,57,83,106,117,118,120,60,82,69,70,73,83,94,65,29,108,32,128,126,122,87,189,172,295,296,345,344,338,342,385,379,622,618,670,656,670,668,1684,1501,1683,0,659,634,682,533,533,533,479,510,648,626]} 1. d4 Nf6 2. Nf3 b6 3. g3 Bb7 4. Bg2 g6 5. O-O Bg7 6. c4 O-O 7. d5 Ne4 {A50: Queen's Fianchetto Defence (1 d4 Nf6 2 c4 b6)} (7... e6 8. Nc3 Re8 9. Nd4 exd5 10. cxd5 Na6 11. e4 Nc5 12. Re1 Nxd5 13. exd5 Rxe1+ 14. Qxe1 Bxd4 15. Be3 {0-1 (39) Melkumyan,H (2633)-Mamedyarov,S (2799) Riadh 2017}) 8. Qc2 f5 9. Nfd2 Nd6 10. Nc3 {LiveBook: 4 Games} e5 11. e4 Na6 $146 ({Predecessor:} 11... f4 12. b4 c5 13. bxc5 bxc5 {0-1 (39) Solaesa Navalpotro,L (2251)-Taboas Rodriguez,D (2366) Madrid 2011}) 12. a3 c5 (12... c6 $11) 13. Rb1 Nc7 14. b4 Nce8 15. bxc5 bxc5 16. Qa4 (16. exf5 $16 gxf5 17. a4) 16... Qc7 17. Nb3 f4 18. Nb5 Nxb5 19. Qxb5 Rb8 {And now ...Bxd5! would win.} 20. Qa5 ({Stronger than} 20. Nxc5 Nd6 $17) 20... Bc8 (20... Qxa5 $1 $11 21. Nxa5 Nd6) 21. Bd2 (21. Qxc7 $16 Nxc7 22. Bd2) 21... d6 (21... Qxa5 $14 22. Bxa5 d6) 22. Qxc7 $1 $16 Nxc7 {[#]} 23. Na5 $1 Bd7 (23... Rb6 $16) 24. Nc6 $18 Bxc6 (24... Rxb1 {was worth a try.} 25. Rxb1 f3) 25. dxc6 Rb6 26. Rxb6 axb6 27. Rb1 fxg3 28. hxg3 Bf6 $2 (28... Na8 29. Bh3 Bf6) 29. Rxb6 Ra8 30. Rb7 Bd8 31. Bh3 Ra6 32. Rb8 Ra8 {[#]} 33. Rb7 $2 (33. Rxd8+ $1 $18 {[%mdl 512]} Rxd8 34. Ba5) 33... Kf8 $2 {[%mdl 8192]} (33... Ra6 $11 34. Rb8 Rxc6 35. Rxd8+ Kf7) 34. Bh6+ {White is clearly winning.} Ke8 35. Bd7+ Kf7 {[#]} 36. Bg5 $1 {[%mdl 512]} Bxg5 37. Rxc7 Rxa3 38. Bg4+ {Precision: White = 58%, Black = 11%.} 1-0

[Event "Baltic Zonal 2018"]
[Site "Tallinn"]
[Date "2018.05.19"]
[Round "8"]
[White "Tokranovs, Dmitrijs"]
[Black "Sarakauskas, Gediminas"]
[Result "0-1"]
[WhiteElo "2337"]
[BlackElo "2424"]
[Annotator "TA"]
[PlyCount "42"]
[EventDate "2018.??.??"]
[EventType "swiss"]
[EventCountry "EST"]
[SourceTitle "playchess.com"]
[Source "ChessBase"]
[SourceQuality "1"]

{[%evp 13,42,-11,0,-131,-141,-162,-149,-148,-123,-132,-122,-526,-469,-453,-333,-327,-331,-591,-592,-589,-589,-588,-586,-581,-563,-590,-579,-610,-581,-584,-589]} 1. c4 c6 {[%cal Bc7c6,Bc6d5,Bd5e4][%mdl 32]} 2. d4 d5 3. cxd5 cxd5 4. Nc3 Nf6 5. Nf3 Nc6 {[%cal Bb8c6,Bc6b4,Bb4d3][%mdl 32]} 6. Bf4 Ne4 {D13: Damengambit (Slawische Verteidigung, Abtauschvariante)} (6... Bf5 7. e3 e6 8. Bd3 Bxd3 9. Qxd3 Bd6 10. Bxd6 Qxd6 11. O-O O-O 12. Rfc1 Rfc8 13. h3 h6 14. Nd2 Nd7 15. Ne2 Ne7 {½-½ (15) Bu,X (2725)-Duda,J (2724) Liaocheng 2018}) 7. Nxe4 dxe4 {LiveBook: 3 Partien} 8. d5 (8. Ne5 $11 {bleibt in der Remisbreite.}) 8... Qa5+ $1 $17 {Schwarz steht deutlich besser.} 9. Qd2 Nb4 $146 ({Vorgänger:} 9... Qxd2+ 10. Nxd2 Nb4 11. Rc1 Nxd5 12. e3 Bf5 13. Bb5+ Kd8 14. Nc4 {0-1 (37) De Koster,F-De Luna Butz,A (1867) Gausdal 2008}) 10. Nd4 e5 $1 {[%cal Re5d4]} 11. dxe6 {[#]} ({Falsch wäre} 11. Bxe5 $2 Nd3+ $1 {[%mdl 512]} 12. exd3 Bb4 $19) 11... Nd3+ $1 12. Kd1 $2 {[%mdl 8192]} (12. exd3 $17 {war die entscheidende Verteidigung.} Bb4 13. dxe4 (13. exf7+ Kxf7 14. dxe4 Qc5 $17)) 12... Nxf2+ 13. Kc2 Qxd2+ 14. Bxd2 Nxh1 15. Nb5 $2 (15. e3 fxe6 16. Bb5+ Bd7 17. Rxh1) 15... Bxe6 $19 {Schwarz steht klar auf Gewinn.} 16. Nc7+ Kd7 17. Nxa8 Bd6 18. e3 Nf2 19. Bb5+ Ke7 20. Rf1 Ng4 21. h3 Nf6 {Precision: Weiß = 15%, Schwarz = 91%.} 0-1

[Event "Baltic Zonal 2018"]
[Site "Tallinn"]
[Date "2018.05.19"]
[Round "8"]
[White "Narva, Mai"]
[Black "Vorobjov, Pavel"]
[Result "1/2-1/2"]
[WhiteElo "2322"]
[BlackElo "2233"]
[Annotator "NA"]
[PlyCount "96"]
[EventDate "2018.??.??"]
[EventType "swiss"]
[EventCountry "EST"]
[SourceTitle "playchess.com"]
[Source "ChessBase"]
[SourceQuality "1"]
[TimeControl "5400+30"]

1. e4 {[%emt 0:00:00]} c5 {[%emt 0:00:05]} 2. Nf3 {[%emt 0:00:00]} Nc6 {[%emt 0:00:33]} 3. Bb5 {[%emt 0:00:14]} e6 {[%emt 0:00:25]} 4. O-O {[%emt 0:00:41]} Nge7 {[%emt 0:00:28]} 5. Re1 {[%emt 0:02:24]} a6 {[%emt 0:00:37]} 6. Bf1 {[%emt 0:00:43]} d5 {[%emt 0:00:26]} 7. exd5 {[%emt 0:02:32]} Nxd5 {[%emt 0:00:13]} 8. d4 {[%emt 0:01:36]} Nf6 {[%emt 0:01:17]} 9. Be3 {[%emt 0:01:21]} cxd4 {[%emt 0:00:57]} 10. Nxd4 {[%emt 0:00:40]} Nxd4 {[%emt 0:01:12]} 11. Bxd4 {[%emt 0:01:10]} Be7 {[%emt 0:00:48]} 12. c4 {[%emt 0:02:21]} O-O {[%emt 0:03:26]} 13. Nc3 {[%emt 0:00:42]} Bd7 {[%emt 0:00:47]} 14. Qc2 {[%emt 0:14:07]} Ba4 {[%emt 0:04:57]} 15. Qd3 {[%emt 0:04:11]} Bc6 {[%emt 0:00:16]} 16. Rad1 {[%emt 0:01:33]} Qc7 {[%emt 0:08:19]} 17. Be5 {[%emt 0:03:27]} Qa5 {[%emt 0:00:28]} 18. Qg3 {[%emt 0:01:32]} Rfd8 {[%emt 0:00:55]} 19. Bd3 {[%emt 0:19:42]} Rd7 {[%emt 0:00:54]} 20. a3 {[%emt 0:03:36]} Qd8 {[%emt 0:05:50]} 21. Bc2 {[%emt 0:05:18]} Qf8 {[%emt 0:04:59]} 22. b4 {[%emt 0:09:09]} Rxd1 {[%emt 0:03:01]} 23. Rxd1 {[%emt 0:00:54]} Rd8 {[%emt 0:00:23]} 24. Re1 {[%emt 0:02:55]} Bd6 {[%emt 0:07:46]} 25. f4 {[%emt 0:03:17]} Bxe5 {[%emt 0:00:24]} 26. fxe5 {[%emt 0:00:45]} Rd2 {[%emt 0:01:02]} 27. Re2 {[%emt 0:01:26]} Rxe2 {[%emt 0:03:53]} 28. Nxe2 {[%emt 0:00:07]} Nd7 {[%emt 0:03:08]} 29. Nd4 {[%emt 0:06:08]} Qb8 {[%emt 0:01:37]} 30. Nxc6 {[%emt 0:05:31]} bxc6 {[%emt 0:00:03]} 31. Bxh7+ {[%emt 0:02:15]} Kxh7 {[%emt 0:01:43]} 32. Qd3+ {[%emt 0:00:09]} Kg8 {[%emt 0:00:33]} 33. Qxd7 {[%emt 0:00:21]} Qxe5 {[%emt 0:00:08]} 34. Qe8+ {[%emt 0:01:39]} Kh7 {[%emt 0:00:02]} 35. Qxf7 {[%emt 0:00:12]} Qd4+ {[%emt 0:00:22]} 36. Qf2 {[%emt 0:00:19]} Qxc4 {[%emt 0:00:19]} 37. Qe3 {[%emt 0:00:57]} Qd5 {[%emt 0:02:12]} 38. Kf2 {[%emt 0:01:11]} e5 {[%emt 0:01:31]} 39. Qh3+ {[%emt 0:01:34]} Kg6 {[%emt 0:00:51]} 40. Qg4+ {[%emt 0:00:38]} Kh6 {[%emt 0:00:19]} 41. Qe2 {[%emt 0:01:13]} a5 {[%emt 0:08:59]} 42. Qe3+ {[%emt 0:00:28]} Kh7 {[%emt 0:02:08]} 43. bxa5 {[%emt 0:00:54]} Qxa5 {[%emt 0:00:11]} 44. Qe4+ {[%emt 0:00:27]} g6 {[%emt 0:00:39]} 45. Qxc6 {[%emt 0:00:21]} Qd2+ {[%emt 0:03:22]} 46. Kf3 {[%emt 0:00:39]} Qd3+ {[%emt 0:00:02]} 47. Kf2 {[%emt 0:01:18]} Qd2+ {[%emt 0:00:02]} 48. Kf3 {[%emt 0:00:25]} Qd3+ {[%emt 0:00:02] Ke4} 1/2-1/2

[Event "Baltic Zonal 2018"]
[Site "Tallinn"]
[Date "2018.05.19"]
[Round "8"]
[White "Chukavin, Kirill"]
[Black "Kulaots, Kaido"]
[Result "0-1"]
[WhiteElo "2310"]
[BlackElo "2590"]
[Annotator "TA"]
[PlyCount "50"]
[EventDate "2018.??.??"]
[EventType "swiss"]
[EventCountry "EST"]
[SourceTitle "playchess.com"]
[Source "ChessBase"]
[SourceQuality "1"]

{[%evp 21,50,8,5,0,18,0,5,0,14,0,23,0,0,0,2,-31,-34,-31,-22,-27,-16,-122,-128,-169,-28,-267,-250,-538,-536,-502,-521]} 1. e4 c5 2. Nf3 Nc6 3. d4 cxd4 4. Nxd4 Nf6 5. Nc3 d6 6. g3 g6 7. Nde2 b6 8. Bg2 Ba6 9. O-O Bg7 10. Re1 {B70: Sicilian Dragon: 6 g3 and 6 Be2 (without a later Be3)} O-O (10... Rc8 11. Nd5 Nd7 12. Rb1 O-O 13. Be3 e6 14. Ndf4 Nf6 15. c3 Ne5 16. f3 Bb7 17. Nd3 Ned7 {0-1 (66) Efimenko,Z (2644)-Grandelius,N (2573) Doha 2014}) 11. a4 Rc8 {LiveBook: 7 Games} 12. Nb5 {The position is equal.} Nd7 13. Rb1 Bb7 14. c4 a6 15. Nbc3 Nc5 16. b3 Ne5 $146 {[%mdl 2048] Black has good play.} ({Predecessor:} 16... Nb4 17. Ba3 a5 18. Qd2 Nc6 19. Nb5 Ne5 20. Nec3 Rb8 21. f4 Nc6 22. Kh1 {½-½ (22) Angelini,M (2267)-Jirovsky,M (2478) Imperia 2013}) 17. Rf1 e6 18. f4 Ng4 $1 19. b4 Nd7 20. Qxd6 Rxc4 21. Rd1 (21. Rb3 $11) 21... b5 $17 (21... Bxc3 $6 22. Nxc3 Rxc3 23. Qxd7 $11) 22. axb5 {[#] Hoping for h3.} axb5 ({Better is} 22... Bc6 $1 $19 {Threatens to win with ...Qb6+.} 23. Na4 (23. bxc6 $2 Qb6+ 24. Rd4 Bxd4+ 25. Nxd4 Rxd4 $19) 23... axb5) 23. Bf3 $2 {[#]} (23. Nxb5 $11 {and White is okay.} Bxe4 24. Bxe4 Rxe4 25. Nec3) 23... Rc6 $1 $19 ({Weaker is} 23... Bxc3 24. Nxc3 Rxc3 25. Bxg4 $15) 24. Qd3 $2 {[#]} (24. Qxd7 Qb6+ 25. Kh1 Nf2+ 26. Kg2 Nxd1) (24. Qd2 Qb6+ 25. Nd4) 24... Rxc3 $1 {[%mdl 512]} 25. Nxc3 Qb6+ {Precision: White = 35%, Black = 63%.} 0-1

[Event "Baltic Zonal 2018"]
[Site "Tallinn"]
[Date "2018.05.19"]
[Round "8"]
[White "Kalvaitis, Sigitas"]
[Black "Haavamae, Henrik"]
[Result "1/2-1/2"]
[WhiteElo "2194"]
[BlackElo "2098"]
[Annotator "NA"]
[PlyCount "22"]
[EventDate "2018.??.??"]
[EventType "swiss"]
[EventCountry "EST"]
[SourceTitle "playchess.com"]
[Source "ChessBase"]
[SourceQuality "1"]
[TimeControl "5400+30"]

1. e4 c6 2. Nc3 d5 3. Nf3 g6 4. d4 Bg7 5. h3 Nf6 6. e5 Ne4 7. Bd3 Nxc3 8. bxc3 c5 9. O-O Nc6 10. Re1 c4 11. Bf1 O-O 1/2-1/2

[Event "Baltic Zonal 2018"]
[Site "Tallinn"]
[Date "2018.05.19"]
[Round "8"]
[White "Vicas, Marijus"]
[Black "Seeman, Tarvo"]
[Result "0-1"]
[WhiteElo "2190"]
[BlackElo "2426"]
[Annotator "TA"]
[PlyCount "54"]
[EventDate "2018.??.??"]
[EventType "swiss"]
[EventCountry "EST"]
[SourceTitle "playchess.com"]
[Source "ChessBase"]
[SourceQuality "1"]

{[%evp 30,54,30,3,53,0,0,0,-10,-18,-4,-133,-131,-125,-121,-276,-154,-236,-79,-727,-708,-1229,-1135,-29996,-29997,-29998,-29999]} 1. e4 c5 2. Nf3 e6 3. d4 cxd4 4. Nxd4 Nc6 5. Nc3 d6 6. Be3 Nf6 7. f3 Be7 8. Qd2 O-O 9. O-O-O a6 10. g4 Nxd4 11. Bxd4 b5 12. Kb1 Bb7 13. h4 Nd7 {[%cal Bf6d7,Bd7e5,Be5c6][%mdl 32]} 14. g5 b4 15. Ne2 a5 {B80: Sicilian Scheveningen: 6 g3 and 6 Be3, including English Attack} (15... d5 16. e5 Re8 17. Nc1 Qc7 18. Re1 a5 19. h5 Nf8 20. f4 Bc5 21. Nb3 Be7 22. Bd3 a4 23. Nc1 Ba6 24. g6 fxg6 25. hxg6 hxg6 26. Bxa6 Rxa6 27. Rh3 Rc8 28. Re2 Rc6 29. Qd1 {½-½ (29) Tiviakov,S (2591)-Garcia Martinez,S (2335) Paramaribo 2017}) 16. Ng3 {LiveBook: 10 Games} Ne5 17. Qg2 (17. Qf2 $14 Qc7 18. f4) 17... Nc6 $11 {The position is equal.} 18. Be3 $146 ({Predecessor:} 18. f4 Nxd4 19. Rxd4 Qb6 20. Qd2 d5 21. e5 a4 22. Rd3 Rfc8 23. h5 {0-1 (47) Sengupta,D (2381)-Le,Q (2297) Teheran 2004}) 18... a4 {[%cal Ba5a4,Ba4b3][%mdl 32]} 19. f4 b3 {White must now prevent ...bxa2+.} 20. cxb3 (20. a3 $1 $11 {was the only way to keep the balance.}) 20... axb3 $17 21. a3 d5 22. f5 $2 {[#]} (22. Nh5 $17) 22... Bxa3 (22... Qc7 $1 $19 23. f6 Bd6) 23. bxa3 Rxa3 {aiming for ...Qa5.} 24. Qb2 $2 {[%mdl 8192]} (24. exd5 Qa5 $19) (24. Bc1 $17 Ra2 25. Bb2) 24... Qa5 $19 25. Bd2 Qa4 26. Nh5 Qxe4+ 27. Kc1 {[#]} Ra1+ $1 {[%mdl 512] Precision: White = 12%, Black = 60%.} 0-1

[Event "Baltic Zonal 2018"]
[Site "Tallinn"]
[Date "2018.05.19"]
[Round "8"]
[White "Berzina, Ilze"]
[Black "Beinoras, Mindaugas"]
[Result "0-1"]
[WhiteElo "2176"]
[BlackElo "2350"]
[Annotator "NA"]
[PlyCount "72"]
[EventDate "2018.??.??"]
[EventType "swiss"]
[EventCountry "EST"]
[SourceTitle "playchess.com"]
[Source "ChessBase"]
[SourceQuality "1"]
[TimeControl "5400+30"]

1. e4 {[%emt 0:00:00]} e5 {[%emt 0:00:10]} 2. Nf3 {[%emt 0:00:00]} Nc6 {[%emt 0:00:20]} 3. Bb5 {[%emt 0:00:00]} d6 {[%emt 0:00:29]} 4. d4 {[%emt 0:00:33]} Bd7 {[%emt 0:00:15]} 5. O-O {[%emt 0:01:17]} exd4 {[%emt 0:00:15]} 6. Nxd4 {[%emt 0:00:31]} g6 {[%emt 0:00:12]} 7. Nc3 {[%emt 0:02:48]} Bg7 {[%emt 0:00:21]} 8. Nxc6 {[%emt 0:02:03]} bxc6 {[%emt 0:02:58]} 9. Bc4 {[%emt 0:00:19]} Ne7 {[%emt 0:01:09]} 10. Be3 {[%emt 0:01:46]} Be6 {[%emt 0:02:54]} 11. Bb3 {[%emt 0:05:55]} c5 {[%emt 0:03:15]} 12. Nd5 {[%emt 0:10:04]} O-O {[%emt 0:19:07]} 13. Bg5 {[%emt 0:06:08]} Bxd5 {[%emt 0:01:51]} 14. Bxd5 {[%emt 0:00:13]} Rb8 {[%emt 0:00:31]} 15. Rb1 {[%emt 0:01:39]} Rxb2 {[%emt 0:04:34]} 16. Rxb2 {[%emt 0:06:04]} Bxb2 {[%emt 0:00:43]} 17. Qb1 {[%emt 0:06:36]} Bd4 {[%emt 0:08:03]} 18. Qb7 {[%emt 0:03:01]} c4 {[%emt 0:04:25]} 19. Bxc4 {[%emt 0:01:18]} Qd7 {[%emt 0:01:19]} 20. Bh6 {[%emt 0:04:11]} Rd8 {[%emt 0:00:59]} 21. Qb3 {[%emt 0:08:15]} Nc8 {[%emt 0:02:31]} 22. Qd3 {[%emt 0:05:18]} Bg7 {[%emt 0:02:51]} 23. Bg5 {[%emt 0:00:26]} Re8 {[%emt 0:00:59]} 24. Bb5 {[%emt 0:09:32]} c6 {[%emt 0:01:03]} 25. Ba6 {[%emt 0:03:00]} Nb6 {[%emt 0:03:36]} 26. Be3 {[%emt 0:07:17]} Qe7 {[%emt 0:04:48]} 27. Rd1 {[%emt 0:00:43]} Bf8 {[%emt 0:03:32]} 28. Qc3 {[%emt 0:02:14]} Qxe4 {[%emt 0:18:42]} 29. Rd4 {[%emt 0:00:16]} Qe6 {[%emt 0:00:19]} 30. Qxc6 {[%emt 0:00:20]} d5 {[%emt 0:00:16]} 31. Qc7 {[%emt 0:02:56]} Bg7 {[%emt 0:03:12]} 32. Rd1 {[%emt 0:00:45]} d4 {[%emt 0:00:17]} 33. Bxd4 {[%emt 0:01:10]} Qg4 {[%emt 0:01:19]} 34. Rd2 {[%emt 0:08:12]} Bxd4 {[%emt 0:00:32]} 35. h3 {[%emt 0:00:47]} Qh4 {[%emt 0:01:35]} 36. Qxa7 {[%emt 0:00:41]} Qf4 {[%emt 0:02:05]} 0-1

[Event "Baltic Zonal 2018"]
[Site "Tallinn"]
[Date "2018.05.20"]
[Round "9"]
[White "Kulaots, Kaido"]
[Black "Vicas, Marijus"]
[Result "1-0"]
[WhiteElo "2590"]
[BlackElo "2190"]
[Annotator "TA"]
[PlyCount "87"]
[EventDate "2018.??.??"]
[EventType "swiss"]
[EventCountry "EST"]
[SourceTitle "playchess.com"]
[Source "ChessBase"]
[SourceQuality "1"]

{[%evp 16,87,14,0,10,-2,5,-4,72,62,66,69,67,32,32,32,32,34,39,19,32,34,25,19,58,49,75,57,69,45,72,52,68,68,113,50,71,77,112,118,121,102,113,107,114,105,118,112,111,108,100,93,146,154,154,158,151,139,146,145,147,137,156,148,500,482,2088,1953,5073,5073,5073,5065,5065,1212]} 1. e4 e5 2. Nf3 Nc6 3. Bb5 Nf6 4. d3 Bc5 5. c3 d5 (5... O-O 6. O-O Re8 7. Nbd2 a6 8. Bxc6 dxc6 9. Nc4 Bd6 10. Bg5 b5 11. Ne3 Qe7 12. Nh4 Qe6 13. Nhf5 Bf8 {½-½ (53) Caruana,F (2804)-Nakamura,H (2787) Saint Louis 2018}) 6. exd5 {C65: Ruy Lopez: Berlin Defence (3...Nf6), unusual lines and 4 0-0 Bc5} Qxd5 7. Bc4 Qd6 8. Qe2 O-O 9. Nbd2 {LiveBook: 4 Games} a6 10. Ng5 {Strongly threatening Nde4.} Ba7 $146 ({Predecessor:} 10... Qe7 11. Nde4 Bb6 12. b4 h6 13. h4 {½-½ (33) Cortigiani,M (2187)-Khanas,V (2184) ICCF email 2017}) 11. Nde4 Nxe4 (11... Qe7 $1 $11) 12. Qxe4 $16 {[%csl Gg5][%cal Re4h7]} Qg6 13. Qxg6 hxg6 14. Be3 b5 15. Bd5 Bb7 $1 16. Bxa7 Rxa7 17. O-O-O Na5 18. Bxb7 Nxb7 19. Rhe1 Nd6 20. Ne4 Re8 21. Nc5 a5 22. a4 b4 23. Kc2 bxc3 $1 24. bxc3 f6 25. h4 (25. d4 $16) 25... Nb7 26. Ne4 f5 27. Ng5 Raa8 28. Nf3 e4 29. dxe4 fxe4 {[#]} 30. Ng5 $1 Nc5 31. Rd4 Rf8 32. f3 exf3 33. Nxf3 Rae8 {[#]} ({Black should try} 33... Rad8) 34. Rxe8 $1 Rxe8 {[%mdl 4096] Endgame KRN-KRN} 35. Rc4 Ne6 36. Re4 Kf8 37. Re5 Nf4 38. Rxa5 Nxg2 39. Re5 Rxe5 $4 {[%mdl 8192]} (39... Kf7 $16 {is more resistant.} 40. Rc5 Ne3+ 41. Kb3 Rb8+ 42. Ka3 Rb7) 40. Nxe5 $18 {White is clearly winning.} Nxh4 (40... Ke8 $142 41. Nxg6 Ne3+ 42. Kd3 Nf5) 41. a5 {[%cal Ba4a5,Ba5a6][%mdl 32]} Nf5 42. a6 Ne3+ 43. Kd3 Nd5 44. Nd7+ {Precision: White = 63%, Black = 41%.} 1-0

[Event "Baltic Zonal 2018"]
[Site "Tallinn"]
[Date "2018.05.20"]
[Round "9"]
[White "Neiksans, Arturs"]
[Black "Stremavicius, Titas"]
[Result "1-0"]
[WhiteElo "2573"]
[BlackElo "2451"]
[Annotator "TA"]
[PlyCount "99"]
[EventDate "2018.??.??"]
[EventType "swiss"]
[EventCountry "EST"]
[SourceTitle "playchess.com"]
[Source "ChessBase"]
[SourceQuality "1"]

{[%evp 22,99,49,43,61,57,69,67,66,56,54,51,95,90,98,106,100,68,84,43,43,47,75,70,97,44,86,83,87,62,203,191,173,141,132,131,177,183,300,308,435,388,399,389,439,390,854,529,1536,502,493,481,479,483,473,454,444,437,574,569,611,611,611,611,611,611,833,760,1385,1284,5042,4391,1548,836,1089,1015,802,780,1122,1098]} 1. c4 f5 2. Nf3 Nf6 3. d4 g6 4. g3 Bg7 5. Bg2 O-O 6. O-O d6 7. Nc3 Nc6 8. d5 Na5 9. Qd3 e5 10. dxe6 Bxe6 11. b3 Nc6 12. Ba3 {LiveBook: 3 Games. A89: Dutch Defence: Leningrad System: 5 Nf3 0-0 6 0-0 d6 7 Nc3 Nc6} (12. Bb2 Qe7 13. Ng5 Bd7 14. Rad1 Kh8 15. Qd2 Rae8 16. Nd5 Nxd5 17. Bxg7+ Kxg7 18. cxd5 Ne5 19. Nf3 Nxf3+ 20. Bxf3 {0-1 (50) Kovchan,A (2585)-Korobov,A (2692) Rivne 2016}) 12... Kh8 13. Rad1 Bg8 14. e3 {White is slightly better.} Re8 15. Qc2 a5 {[#]} 16. Nd4 $146 ({Predecessor:} 16. Ne1 Nb4 17. Qb1 c6 18. Bb2 Qe7 19. a3 Na6 20. Nd3 Nc7 21. Nf4 Na6 22. Na4 Rab8 23. Bd4 Nc5 24. Nc3 a4 25. Bxc5 dxc5 26. Nxa4 {1-0 (26) Koshil,T (2513)-Ivannikov,V USSR 1987}) 16... Nxd4 17. Rxd4 ({Don't play} 17. exd4 d5 $11) 17... Rb8 18. Rfd1 Qe7 19. R4d2 h6 20. Nd5 Nxd5 21. cxd5 Rf8 22. Rc1 Rf7 23. Bb2 ({White should play} 23. e4 $16) 23... Rbf8 24. Rd3 g5 25. Rc3 Bxc3 (25... Qf6 $14) 26. Qxc3+ $18 Kh7 27. Qxa5 h5 28. Rc4 {[%mdl 1024] White has strong compensation.} Kh6 29. h4 g4 (29... Bh7 $142 30. hxg5+ Qxg5) 30. Qb4 Qd8 (30... Re8 $142 31. Qxb7 c5) 31. Qd2 Re8 32. Rf4 Kg6 33. e4 Qe7 $2 (33... Kh7 34. Qc3 Re5 35. exf5 Qf6) 34. Bf1 {[#] Threatens to win with Rxf5.White is clearly winning.} Rff8 35. Bd3 (35. exf5+ $142 Kh7 36. f6) 35... Bxd5 {[%cal Rf5e4]} 36. exd5 Qe1+ 37. Qxe1 Rxe1+ 38. Kg2 Rd1 39. Rd4 Kh6 40. Bc3 Re8 41. Bxf5 Rxd4 42. Bxd4 Re1 43. a4 Rd1 44. Bf6 Re1 45. Bd8 Re5 46. Be6 c6 47. Bf6 Re2 48. Bc8 Kg6 49. Bxb7 cxd5 50. Bd4 {Precision: White = 79%, Black = 38%.} 1-0